Moçambola football teams quiz - Statistics

Estatísticas Gerais
  • Esse quiz foi jogado 3 vezes
  • A pontuação média é 8 de 12
Estatísticas das Respostas
headquarters Founded Team % Correto
Beira 1924 Beira
100%
Maputo 2008 Black Bulls
100%
Nampula 1924 Nampula
100%
Pemba 2011 Pemba
100%
Lichinga 1924 Lichinga
67%
Maputo 1924 Maputo
67%
Nacala 1964 Nacala
67%
Chimoio 1957 Textáfrica
67%
Vilankulo,Inahmbane 2014 Vilankulo
67%
Maputo 1955 Costa
33%
Cahora 1982 Songo
33%
Matola 2022 Tchumene
33%
Nenhum quiz correspondente encontrado
Distribuição das Pontuações
Porcentagem de Pessoas com Cada Pontuação
Percentil de Números Respondidos
Sua Pontuação Histórica
Você não jogou esse quiz